000 00915nam a22002057a 4500
003 OSt
005 20251008191332.0
008 251008b |||||||| |||| 00| 0 eng d
040 _c0
082 _aDPer 370.15 J826 January-February 2021 v. 113 n. 1-2
100 _aZhao, Hongyang.
_eauthor.
_968770
245 _aRelational reasoning's contributions to mathematical thinking and performance in chinese elementary and middle-school students /
_cHongyang Zhao, Patricia A. Alexander, and Yuting Sun.
260 _aWashington, DC ;
_bAmerican Psychological Association ,
_cFebruary 2021.
300 _aVolume 113, pages 279-303 ;
_billustration ;
_c28 cm.
500 _aJournal of Educational Psychology, vol. 113, no. 2, pages 279-303, February 2021.
700 _aZhao, Hongyang.
_eauthor.
_968770
710 _aAlexander, Patricia A.
_eauthor.
_968771
711 _aSun, Yuting.
_jauthor.
_968772
942 _2ddc
_cPER
999 _c24033
_d24033